000 01398cam a22001934a 4500
005 20250605164217.0
008 250528s ||||||||||||||||||||||||d
035 _a20513
040 _aGR-AtMCL
_bgre
_dGR-AtMCL
_eAACR2
245 1 _aSouth from America
260 _bPenguin Books,
_c1963
300 _a320
505 0 _aPreface, Arrival and Discovery, The Alpujarra, Friends and Neighbours, Lytton Strachey's Visit, Love Affairs and Politics, The Village Calendar, School and Church, The Fair at Ugijar, Masons and Animals, Beliefs and Rituals, The Lonely Scotsman, Food and the Phoenicians, Virginia Woolf's Visit, The High Mountains and Guadix, A Chapter of History, Almeria and Its Brothels, Almeria and Archaeology, Granada in the Twenties, Courtship and Marriage, Last Years at Yegen, A Postscript.
520 _aPreface, Arrival and Discovery, The Alpujarra, Friends and Neighbours, Lytton Strachey's Visit, Love Affairs and Politics, The Village Calendar, School and Church, The Fair at Ugijar, Masons and Animals, Beliefs and Rituals, The Lonely Scotsman, Food and the Phoenicians, Virginia Woolf's Visit, The High Mountains and Guadix, A Chapter of History, Almeria and Its Brothels, Almeria and Archaeology, Granada in the Twenties, Courtship and Marriage, Last Years at Yegen, A Postscript.
700 1 _aBrenan Gerald
_96503
942 _cBK
999 _c5613
_d5613